Mediolan - quiz wielokrotnego wyboru - Statystyki

Ogólne statystyki
  • Ten quiz został rozwiązany 863 razy
  • Średni wynik to 6 z 10
Statystyki odpowiedzi
Zagadnienie Odpowiedź % Poprawnych
Jaka jest włoska nazwa dla Mediolanu? Milano
96%
Z jakiej branży Mediolan jest najbardziej znany? Mody
96%
Jak nazywa się region, którego stolicą jest Mediolan? Lombardia
90%
Czym jest La Scala? Operą
75%
Które z poniższych dzieł sztuki można znaleźć w Mediolanie? Ostatnia Wieczerza
58%
Kto wydał Edykt Mediolański w 313 r. n.e., proklamując swobodę wyznawania religii chrześcijańskiej? Konstantyn I Wielki
53%
Jaki zamek został wybudowany przez władcę Mediolanu w XV. wieku? Castello Sforzesco
49%
Co najprawdopodobniej robiłbyś w Galerii Wiktora Emanuela II? Robił zakupy
49%
Ile mniej więcej budowano Katedrę w Mediolanie? 600 lat
40%
Która z poniższych osób urodziła się i zmarła w Mediolanie? Silvio Berlusconi
39%
Nie znaleziono quizów pasujących do podanych kryteriów
Rozkład punktacji
Procent ludzi z każdym wynikiem
Percentyl według liczby udzielonych odpowiedzi
Twoja historia wyników
Nie rozwiązałeś tego quizu